[Event "Candidates FIDE m2"]
[Site "Wijk aan Zee"]
[Date "1994.??.??"]
[Round "6"]
[White "Jussupow, Artur"]
[Black "Anand, Viswanathan"]
[Result "1/2-1/2"]
[WhiteElo "2665"]
[BlackElo "2715"]
[Annotator "Anand,V"]
[PlyCount "52"]
[EventDate "1994.01.16"]
[EventType "match"]
[EventRounds "7"]
[EventCountry "NED"]
[SourceTitle "CBM 039"]
[Source "ChessBase"]
[SourceDate "1994.04.01"]
[SourceVersion "1"]
[SourceVersionDate "1994.04.01"]
[SourceQuality "1"]

1. d4 {Wolff Belov} Nf6 2. c4 g6 3. Nc3 d5 4. cxd5 Nxd5 5. e4 Nxc3 6. bxc3 Bg7
7. Nf3 {No, not another Classical Variation (7.Bc4 c5 8.Ne2)!} c5 8. Be3 Qa5 9.
Qd2 Bg4 $1 (9... O-O {Belov} 10. Rc1 e6 (10... b6 11. d5 Bg4 $5 12. Ng5 $1 Na6
13. h3 Bd7 14. Be2 Rad8 15. O-O $14 {Karpov,A-Fernandez Garcia,J/Dos Hermanas/
1993/1:0 (27) Inf 57/460/}) 11. Bh6 Rd8 12. h4 cxd4 13. Bxg7 Kxg7 14. cxd4 Nc6
15. Qxa5 Nxa5 16. Kd2 $14 {Olafsson,H-Benjamin,J/S-Martin/1993/}) (9... Nc6 {
Belov} 10. Rc1 (10. Rb1 $5) 10... cxd4 (10... Bg4 $5) (10... Bg4 $5 {Wolff})
11. cxd4 Qxd2+ 12. Kxd2 O-O 13. Bb5 f5 14. exf5 Bxf5 15. Bxc6 bxc6 16. Rxc6
Rfb8 $1 $44 {Seirawan,J-Mecking,H/San Paulo(m/5)/1992/0,5 (30) Inf 54/466/})
10. Rc1 (10. Rb1 {Belov} a6 11. Rb3 $6 b5 12. d5 Nd7 $6 (12... c4 $5 13. Rb4
Bxf3 14. gxf3 Qa3 $15) 13. c4 b4 $13 {Timman,J-Ivanchuk,V/Linares/1992/0,5 (42)
Inf 54/465/}) 10... Nc6 $1 {This idea seems to be quite reasonable} (10... O-O
{Wolff} 11. Be2 e6 {This is a position that has been played several times,
with about equal results.}) 11. d5 Rd8 {The point - white can't get out of the
pin so easily} 12. Qb2 {!? Belov} (12. Bd3 O-O $1 13. dxc6 $140 Bxf3 14. gxf3
c4 $17) (12. Be2 O-O 13. O-O (13. c4 $2 {Wolff} Nb4 14. a3 Qxa3 15. Bxc5 Nd3+
16. Bxd3 Qxc5 $17) 13... e6 $10) (12. c4 {Belov} Bxf3 (12... Qxd2+ 13. Nxd2 Nd4
14. Nb3 $14) 13. Qxa5 (13. gxf3 Qxd2+ 14. Kxd2 Nd4 $10) 13... Nxa5 14. gxf3 b6
15. f4 $14) (12. Be2 $5 {Belov}) 12... Bxf3 13. gxf3 (13. dxc6 $4 {Belov} Bxc3+
14. Rxc3 Qxc3+ 15. Qxc3 Rd1#) 13... Nd4 14. Bxd4 (14. Bg2 Nb5 $1 15. Bd2 (15.
Bxc5 Nxc3 $1 16. Bb4 Qxa2) (15. O-O {Wolff} b6 {><c3}) 15... Nd6 $10 (15... c4
$10 {Belov})) (14. Qxb7 {Wolff} O-O $1 $44 (14... Nxf3+ 15. Kd1 (15. Ke2 Ne5
16. f4 Qxa2+) 15... Qxa2 (15... Bxc3 16. Qb5+ Kf8 17. Qxa5 Bxa5 18. Bxc5 $14)
16. Qb5+ Kf8 17. Bc4 $16)) 14... cxd4 15. Qb5+ Qxb5 16. Bxb5+ Kf8 17. cxd4 (17.
c4 $5 {Wolff} b6 18. Ke2 Be5) 17... Bxd4 18. Rc7 Be5 $1 (18... Rb8 $2 19. f4
$14 {Nothing disastrous, but now White has something concrete}) (18... a6 {
Belov} 19. Bd3 b5 20. Ke2 $16) 19. Rxb7 Rb8 $10 {Thanks to the f-pawns white
doesn't even have practical chances} 20. Rxb8+ Bxb8 21. O-O (21. Ke2 Bf4 22. h3
Kg7) 21... Bf4 $1 (21... Kg7 22. Rc1 Bd6 {Probably also enough but the text is
more precise}) 22. Rb1 Kg7 23. Bc6 Rb8 24. Bb7 (24. Rxb8 {Belov} Bxb8) 24...
Bd6 25. a4 a5 (25... f5 $10 26. a5 $140 a6 $10) 26. Rb5 f5 $1 {/\ Kg7-f6-e5}
1/2-1/2

[Event "Candidates FIDE m2"]
[Site "Wijk aan Zee"]
[Date "1994.??.??"]
[Round "7"]
[White "Anand, Viswanathan"]
[Black "Jussupow, Artur"]
[Result "1/2-1/2"]
[WhiteElo "2715"]
[BlackElo "2665"]
[Annotator "Anand,V"]
[PlyCount "119"]
[EventDate "1994.01.16"]
[EventType "match"]
[EventRounds "7"]
[EventCountry "NED"]
[SourceTitle "CBM 039"]
[Source "ChessBase"]
[SourceDate "1994.04.01"]
[SourceVersion "1"]
[SourceVersionDate "1994.04.01"]
[SourceQuality "1"]

1. e4 Nf6 {A surprise but under the circumstances (Artur needed a win to stay
in the match) we expected a surprise!} 2. e5 Nd5 3. d4 d6 4. Nf3 Bg4 5. Be2 e6
6. O-O Be7 7. c4 Nb6 8. Nc3 O-O 9. Be3 a6 $5 10. exd6 (10. b3 $1 {The correct
way. 10.exd6 is premature}) 10... cxd6 11. b3 d5 $1 12. h3 Bh5 (12... Bxf3 $2
13. Bxf3 dxc4 14. d5 $1 $44) 13. Ne5 Bxe2 14. Qxe2 Nc6 15. Rfd1 $1 Bf6 {
Black has equalised completely and since I only needed a draw I decided to
simplify to a drawn ending} 16. cxd5 Nxd5 17. Nxd5 Qxd5 18. Nxc6 Qxc6 19. Rac1
$10 Qe4 20. Qg4 $1 (20. Rc4 $2 b5 $15) 20... Qxg4 21. hxg4 Rfc8 22. g5 Be7 23.
d5 exd5 (23... Rxc1 24. Rxc1 $1 (24. Bxc1 Rd8) 24... exd5 25. Rc7) 24. Rxc8+
Rxc8 25. Rxd5 Rd8 26. Rxd8+ Bxd8 27. Kf1 (27. g4 $1 $10) 27... Kf8 28. Ke2 Ke8
29. Kd3 Kd7 30. Ke4 Ke6 31. f3 Bc7 32. Bd4 g6 33. Be3 Bd8 34. Bf4 Bb6 35. Bg3
Ba5 36. Bf4 Bc3 37. Be3 Kd6 38. Kd3 Bb2 39. Ke4 Kc6 40. a4 Kd6 41. f4 Ke6 42.
g4 $10 Kd6 43. Bf2 Bc1 44. Bd4 Ke6 45. Bb6 Kd6 46. Bf2 Bb2 47. Be3 Ba3 48. Bd4
Kc6 49. Be3 Bd6 (49... Bc5 50. Bxc5 Kxc5 51. Ke5 Kb4 (51... b5 52. axb5 axb5
53. f5 $1 (53. Kf6 Kd4 54. Kxf7 Ke4)) 52. Kf6 Kxb3 53. a5 $1 Ka4 54. Kxf7 Kxa5
55. f5 b5 56. f6 b4 57. Kg7 b3 58. f7 b2 59. f8=Q b1=Q 60. Kxh7 $10) 50. Bf2 b5
51. Bd4 bxa4 52. bxa4 Bc7 53. Be3 Kd6 54. Bf2 Bd8 55. Bd4 Ke6 56. Be3 f5+ 57.
gxf6 Bxf6 58. g5 Bb2 59. Bf2 Kd6 60. Be3 1/2-1/2

[Event "Linares 12th"]
[Site "Linares"]
[Date "1994.??.??"]
[Round "5"]
[White "Lautier, Joel"]
[Black "Anand, Viswanathan"]
[Result "1-0"]
[WhiteElo "2625"]
[BlackElo "2715"]
[Annotator "Lautier,J"]
[PlyCount "67"]
[EventDate "1994.02.??"]
[EventType "tourn"]
[EventRounds "13"]
[EventCountry "ESP"]
[EventCategory "18"]
[SourceTitle "CBM 040"]
[Source "ChessBase"]
[SourceDate "1994.06.01"]
[SourceVersion "1"]
[SourceVersionDate "1994.06.01"]
[SourceQuality "1"]

1. d4 {Ftacnik} Nf6 2. c4 g6 3. Nc3 d5 4. cxd5 Nxd5 5. e4 Nxc3 6. bxc3 Bg7 7.
Nf3 c5 8. Rb1 O-O 9. Be2 cxd4 10. cxd4 Qa5+ 11. Bd2 Qxa2 12. O-O Bg4 13. Bg5 h6
14. Be3 Nc6 15. d5 (15. Ra1 {Ftacnik} Qb2 16. Rb1 Qa2 17. Ra1 Qb2 18. Rb1 Qa3
19. Qd2 Qa5 20. Rxb7 Qxd2 21. Bxd2 Bxf3 22. Bxf3 Nxd4 23. Rxe7 a5 24. e5 {
Pelaez,J-Herrera,I/CUB-ch Colon (02)/1993/0-1 (34)}) (15. Rxb7 {Ftacnik} Rab8
16. Rxb8 Rxb8 17. d5 Ne5 18. h3 Rb2 19. hxg4 Rxe2 20. Nd4 Rb2 21. Nc6 Nxc6 22.
dxc6 Qc4 23. Qd8+ Kh7 {Sokolin,L-Orlov,V/St.Petersburg-chop/1992/1-0 (24)})
15... Na5 (15... Ne5 {Ftacnik} 16. Rxb7 e6 17. Re1 Bxf3 18. gxf3 Rfd8 19. d6
Qa3 20. d7 Qe7 21. Bb5 Qh4 {Gelfand,B-Ivanchuk,V/Manila (izt) 49/(538)/1990/0.
5 (22)}) 16. Rb4 $1 $146 {/\ Ra4} (16. Bc5 {Ftacnik} Bf6 17. e5 Bxe5 18. h3
Rfd8 $5 (18... Bxf3 19. Bxf3 Rfe8 20. d6 Qc4 21. d7 Qxc5 22. dxe8=Q+ Rxe8 23.
Qa4 Nc6 24. Rxb7 {Gelfand,B-Ivanchuk,V/Tilburg/1990/1-0 (62)}) 19. hxg4 Rxd5
20. Bd4 $1 Bxd4 21. Nxd4 Rad8 $1 22. Qc2 $1 Qxc2 23. Nxc2 Rd2 24. Rfd1 $13 {
Strelbin-Nadanian,A/USSR/1991/}) 16... b6 (16... Qa3 $2 {Ftacnik} 17. Ra4 Qc3
18. Bd2 $18) 17. e5 $1 Bxf3 $6 (17... h5 18. Bf4 Rad8 19. Rd4 $14 {/\ h3} Nb3
$4 20. Bc4 $18) 18. Bxf3 Rac8 (18... Nc4 $2 19. d6 Nxe3 20. fxe3 Rad8 (20... a5
{Ftacnik} 21. Bd5 Qa3 22. Rb3 Qc5 23. Bxa8 (23. Rxf7 Rxf7 24. Bxf7+ Kh8 25. d7
Rd8 26. e6 $36) 23... Rxa8 24. Qf3 Rf8 25. Rd3 Qxe5 26. d7 Qb8 27. Qxf7+ Rxf7
28. d8=Q+ Qxd8 29. Rxd8+ Rf8 30. Rfxf8+ Bxf8 31. Rb8 $18) 21. Bd5 Qa3 (21...
Qa5 22. dxe7 Rxd5 23. exf8=Q+ Kxf8 24. Qf3 Rd7 25. e6 $18) 22. dxe7 $18) (18...
Bxe5 $6 19. d6 $1 (19. Ra4 {Ftacnik} Qb2 20. d6 Bxd6 21. Bxa8 Rxa8 22. Bxh6 $16
) 19... Bxd6 (19... exd6 $2 20. Bd5 Qa3 21. Rg4 Kg7 22. Qf3 $1 $18) (19... Rad8
$2 20. Bd5 Qa3 21. dxe7 Qxb4 22. exd8=Q Rxd8 23. Bxf7+ $18) 20. Bd5 Qa3 21. Rg4
$16) 19. d6 $1 exd6 (19... Qe6 20. Bg4 Qxe5 21. Bxc8 Rxc8 22. d7 Rd8 23. Qa4 $1
$16 {/\ Rd1 (Anand)}) 20. exd6 $1 (20. Bd5 Nc4 21. e6 {(Anand)} Kh7 22. exf7
Nxe3 23. fxe3 Qa3 24. Re4 $14 (24. Rb3 Qc5)) 20... Nc4 (20... Qc2 $2 21. d7
Qxd1 22. Rxd1 Rcd8 23. Bf4 $18 {/\ Bc7}) (20... Rfd8 {Ftacnik} 21. Bd5 Qa3 22.
Bxf7+ $1 Kxf7 23. Qd5+ Kf8 24. Rf4+ $18) 21. Bf4 $1 $16 {/\ d7, /\ Ra4-a7} (21.
d7 $6 Nxe3 22. dxc8=Q Nxd1 23. Qd7 (23. Qc4 {Ftacnik} Qxc4 24. Rxc4 Nc3 $13)
23... Nc3 $14) (21. Qd5 $6 Rfd8 $1 22. d7 Rc7 23. Bf4 Rc5 24. Qe4 Ne5 $132)
21... Nb2 (21... a5 $2 {Ftacnik} 22. Ra4 Na3 23. d7 Rcd8 24. Bd5 Qb2 25. Bc1
Qb5 26. Bxa3 Rxd7 27. Bc4 Rxd1 28. Bxb5 Rfd8 29. h3 $18) (21... Rfd8 {Ftacnik}
22. Bd5 b5 23. Bxf7+ $1 Kxf7 24. Qd5+ Kf8 25. d7 Ra8 26. Rxc4 $18) 22. Qe2 Qa3
(22... Rfe8 $2 {Ftacnik} 23. d7 $18) (22... Rce8 {Ftacnik} 23. Qd2) 23. Re4 Qd3
(23... Nd3 {Ftacnik} 24. Bg3 a5 25. Re3 Rc3 26. d7 Bf6 27. Re8 $16) 24. Re7 $1
g5 $2 (24... Rc2 25. Qxd3 Nxd3 26. Bg3 (26. Be4 $6 Rc4 $1 (26... Rc3 {Ftacnik}
27. Bd2 Ra3 28. d7 Bf6 29. Re8 g5 30. Bxd3 Rxd3 31. Bb4 $18)) (26. Be3 $6 Rd8
$1) 26... Rd2 $1 (26... a5 $2 27. Rd1 $1 Nc5 28. d7 Bf6 (28... Ne6 29. Rxe6
fxe6 30. d8=Q $18) 29. d8=Q Rxd8 30. Rxd8+ Kg7 31. Be5 $18) 27. Rd1 Rxd1+ 28.
Bxd1 Nc5 (28... a5 $2 29. d7 Nc5 30. Ba4 $1 Bf6 (30... Nxa4 31. Re8 Bf6 32. Bd6
$18) 31. Re8 Nb7 32. Bc6 Nd8 33. Bd6 $18) 29. Bf3 $1 (29. d7 $4 Bf6 $19) (29.
Rxa7 $6 Rd8 {/\ Bf8}) 29... b5 (29... Rd8 30. Bd5) (29... a5 30. Bc6 $16 {/\ d7
}) 30. Rc7 $1 Ne6 (30... Bd4 $6 31. d7 $18) 31. Rxa7 $16) 25. d7 (25. Bg3 $5
$16) 25... Rc4 $8 (25... Rc2 $2 26. Qxd3 Nxd3 27. Re8 Bf6 28. Bd6 $18) (25...
gxf4 {Ftacnik} 26. dxc8=Q Rxc8 27. Rxa7 $18) 26. Bc1 $1 (26. Qxd3 $2 Nxd3 27.
Re8 $2 (27. Bd6 {Ftacnik} Nc5 (27... Rd4 28. Bc7 Bf6 29. d8=Q Rdxd8 30. Bxd8
Rxd8 31. Rxa7 $18) 28. Bd5 Rd4 29. Rxf7 Rxd5 30. Rxf8+ Bxf8 31. d8=Q Rxd6 32.
Qa8 $18) 27... Rd4 $19) 26... Rc2 $8 (26... Qxe2 27. Bxe2 (27. Rxe2 Nd3 28. Ba3
Nc5 29. Rd1 $16) 27... Rc2 28. Re8 Bf6 29. Bxb2 (29. f4 $18 {Ftacnik}) 29...
Rxb2 30. Rc1 Rd2 31. Rcc8 $18) 27. Qxd3 Nxd3 28. Re8 Bf6 29. Ba3 Nc5 30. Bxc5
Rxc5 {/\ Re5} (30... bxc5 31. Rb1 $18 {/\ h3, Rbb8} (31. h3 $1 {Ftacnik} Rd2
32. Bg4 Bd8 (32... c4 33. Rb1 h5 34. Rbb8 Be7 35. Rxe7 Rxb8 36. Re8+ $18) 33.
Rfe1 Bb6 34. Rc8 $18)) 31. Rd1 Bd8 (31... a5 32. g3 Kg7 (32... b5 33. Rd6 Bd8
34. Ra6 $18) (32... a4 33. Rd6 Bd8 34. Rxh6 Kg7 35. Rh7+ Kxh7 36. Rxf8 Bc7 37.
Rc8 $18) 33. Rd6 $5 (33. Rxf8 Kxf8 34. d8=Q+ Bxd8 35. Rxd8+ Kg7 36. Rd7 $18)
33... Bd8 34. Rxh6 Rc7 35. Bg4 f5 (35... Rxd7 36. Rxf8 Rd4 37. Rhh8 $18) 36.
Rxf8 Kxf8 37. Rh8+ Ke7 38. Bxf5 {/\ Re8} Rxd7 39. Rh7+ $18) 32. Rde1 $1 Rc7 (
32... f5 33. g3 Bc7 34. Rc8 $1 $18) (32... f6 {/\ Re5} 33. Rxf8+ Kxf8 34. Re8+
Kf7 35. Bh5+ $1 Kg7 36. g3 Bc7 37. Rc8 $18) 33. Bg4 Bf6 (33... h5 34. Bf5 Rc5
35. g4 hxg4 36. Rxf8+ Kxf8 37. Re8+ Kg7 38. Rxd8 $18) (33... a5 {Ftacnik} 34.
h3 Bf6 35. Rc8 $18) 34. Rc8 $1 1-0

[Event "Linares 12th"]
[Site "Linares"]
[Date "1994.??.??"]
[Round "7"]
[White "Illescas Cordoba, Miguel"]
[Black "Anand, Viswanathan"]
[Result "0-1"]
[WhiteElo "2590"]
[BlackElo "2715"]
[Annotator "Blatny,P"]
[PlyCount "80"]
[EventDate "1994.02.??"]
[EventType "tourn"]
[EventRounds "13"]
[EventCountry "ESP"]
[EventCategory "18"]
[SourceTitle "CBM 040"]
[Source "ChessBase"]
[SourceDate "1994.06.01"]
[SourceVersion "1"]
[SourceVersionDate "1994.06.01"]
[SourceQuality "1"]

1. e4 c6 2. d4 d5 3. exd5 cxd5 4. Bd3 Nc6 5. c3 Qc7 6. Bg5 (6. Nf3 Bg4 {><e5})
6... Nf6 7. Nd2 (7. Nf3 Bg4 8. Nbd2 {--> main line}) 7... Bg4 8. Ngf3 e6 9. Bh4
{/\Bg3} (9. h3 Bh5 10. O-O Bd6 11. Re1 $10) 9... Bd6 10. Bg3 Bh5 {/\Bg6} 11.
Bxd6 (11. O-O {/\Re1,Ne5} Bxg3 12. hxg3 Bg6 13. Bxg6 (13. Qc2 Nb4 $17) 13...
hxg6 {/\0-0-0,<->h}) 11... Qxd6 $10 12. O-O O-O 13. Re1 Rab8 {/\b5 ->Pc3} 14.
a4 Qc7 (14... Rfc8 15. a5 {/\Qa4}) 15. Qb1 {גh5-d1} (15. Qc2 Rfc8 {/\Nb4})
15... a6 (15... Bg6 16. Bxg6 hxg6 17. Ne5 $14) 16. Ne5 Rfe8 (16... Bg6 {/^b1-h7
}) 17. h3 Bg6 18. Bxg6 hxg6 19. Qd3 Nxe5 20. dxe5 (20. Rxe5 $10) 20... Nd7 21.
Qd4 (21. Qg3 {/\->>>}) 21... Rec8 22. Re3 Qb6 $1 {/\_|_} 23. Qxb6 Nxb6 {ק<<}
24. h4 $6 {/\g3,f4} (24. Kf1 Nc4 25. Nxc4 Rxc4 $15) 24... Kf8 25. g3 Ke7 $17
26. b3 Rc7 27. a5 Nd7 28. c4 Rbc8 29. Kg2 (29. cxd5 exd5 30. Rd3 Ke6 31. f4 Rc3
32. Rxc3 Rxc3 33. Kf2 Nc5 $19 {_|_}) 29... Nb8 30. Ra4 Rd8 31. f4 (31. cxd5
$142 Rxd5 (31... exd5 $5 $17 {o^d}) 32. Nc4) 31... Nc6 32. Rd3 Rcd7 33. c5 (33.
cxd5 Rxd5 34. Rxd5 Rxd5 $17 {_|_}) 33... f6 34. Nf3 d4 35. exf6+ gxf6 36. Nd2
e5 37. Ne4 Rd5 38. fxe5 Rxe5 39. Nd6 $6 (39. Kf3 f5 40. Nd6 Rxc5 41. Nc4 Kf6
$19 {_|_}) 39... Rxc5 $19 40. Nxb7 $2 (40. Nc4 Ne5) 40... Rc2+ (40... Rc2+ 41.
Kh3 Rd7 $19) 0-1

[Event "Linares 12th"]
[Site "Linares"]
[Date "1994.??.??"]
[Round "9"]
[White "Ivanchuk, Vassily"]
[Black "Anand, Viswanathan"]
[Result "1-0"]
[WhiteElo "2710"]
[BlackElo "2715"]
[Annotator "Ftacnik,L"]
[PlyCount "109"]
[EventDate "1994.02.??"]
[EventType "tourn"]
[EventRounds "13"]
[EventCountry "ESP"]
[EventCategory "18"]
[SourceTitle "CBM 040"]
[Source "ChessBase"]
[SourceDate "1994.06.01"]
[SourceVersion "1"]
[SourceVersionDate "1994.06.01"]
[SourceQuality "1"]

1. e4 {Blatny,P} e5 2. Nf3 Nf6 3. d4 Nxe4 4. Bd3 Nc6 5. dxe5 $5 (5. Bxe4 d5 6.
Bg5 (6. Nxe5 $5 Nxe5 7. dxe5 dxe4 8. Qxd8+ Kxd8 9. Bg5+ Be7 10. Bxe7+ Kxe7 11.
Nc3 Ke6 $8 {Oll,L}) 6... Qd7 (6... f6 7. Nxe5 $1 Nxe5 8. dxe5 dxe4 9. Qxd8+
Kxd8 10. exf6 $16) (6... Qd6 $5 7. dxe5 (7. Bd3 e4 8. Nc3 exd3 9. O-O a6 10.
Qxd3 f6 11. Rfe1+ Be7 12. Bh4 O-O 13. Re3 $6 Bg4 $5 14. Rae1 Qd7 15. a3 Rf7 16.
h3 Bf5 17. Qe2 Bf8 18. Bg3 h6 $15 19. Qd2 Na5 $5 20. b3 $8 Nc6 21. Qc1 Na7 $1
22. Ne2 Nb5 23. a4 Nd6 24. Nc3 {Wedberg,T-Shvidler,E/Biel op/1993/0-1 (47)})
7... Qb4+ 8. Nc3 dxe4 9. a3 Qa5 10. Nd2 (10. Nd4 $1 Nxe5 11. Nb3 Nd3+ 12. Qxd3
$1 Qxg5 13. Nxe4 $16) (10. Nd4 $14 {Blatny,P}) 10... Qxe5 11. Ndxe4 Be7 $1 $14)
(6... Be7 $5 7. Bxe7 Nxe7 8. Bxd5 Qxd5 9. dxe5 $14) 7. Bd3 (7. Bxd5 Qxd5 8. Nc3
Bb4 $10) (7. Nxe5 Nxe5 8. dxe5 dxe4 9. O-O Be7 $10) 7... e4 8. O-O f6 9. Re1 $1
Be7 10. Bf4 exd3 11. Qxd3 O-O 12. Nc3 Bb4 13. Re2 Ne7 14. Qb5 Ng6 15. Qxd5+ Rf7
16. Bd2 Bxc3 17. Qxd7 Bxd7 18. Bxc3 Nf4 19. Re3 Nd5 20. Ree1 Bf5 21. Rac1 Nxc3
22. bxc3 Rd8 23. c4 Bg4 24. c3 {Timman,J-Murrey,J/France/1993/1-0 (54)}) (5. d5
Nc5 $1 6. Be2 (6. Bc4 e4 $1) 6... e4 $1) (5. O-O d5 6. c4 Nxd4 $1 $10) 5... d5
(5... Nc5 6. Bc4 d6 7. Be3 Ne6 8. exd6 Bxd6 9. O-O $14) 6. exd6 Nxd6 7. Nc3 (7.
O-O Be7 8. Nc3 Be6 $10) 7... Be7 (7... Nb4 8. Be2 Bf5 9. Nd4) (7... Be6 8. Ng5
$5) 8. Nd5 Nf5 $6 (8... O-O 9. O-O $14) (8... Be6 9. Nxe7 Qxe7 10. O-O O-O 11.
Re1 Qd7 $14) 9. Be4 (9. Bc4 Nb4 (9... Nd6 10. Bb3) 10. Nxe7 Qxe7+ 11. Be2) 9...
Nb4 $6 (9... O-O 10. O-O $14) (9... Nd6 10. Bf4 $1 O-O (10... Nxe4 11. Nxc7+
Kf8 12. Nxa8 g5 13. Be3) (10... g5 11. Bxd6 Bxd6 12. Nd4 $5) 11. Bd3 Bf6 12.
O-O Bxb2 13. Nxc7 $1 $16) (9... O-O $142 {Blatny,P}) 10. Nxe7 Qxe7 11. O-O Nd6
(11... O-O 12. Re1 Rd8 13. Bd2 Qf6 14. Bg5 Rxd1 15. Raxd1 Qd6 $8 16. Rxd6 Nxd6
17. a3 $16) (11... Qxe4 $4 {Blatny,P} 12. Re1 Qe6 13. Ng5 $18) 12. Bg5 $1 f6 (
12... Qd7 13. Qd4 $1) (12... Qe6 13. Re1 Nxe4 14. Qd8#) 13. Bd5 Nxd5 14. Re1
Be6 (14... fxg5 15. Qxd5 $18) 15. Nd4 O-O-O 16. Nxe6 Rde8 (16... fxg5 17. Nxd8
Qxd8 18. Qxd5 $18) 17. Qxd5 (17. Bh4 g5 $1 (17... Nb6 18. Qg4 Nd7 19. f3 $1))
17... fxg5 18. Qd4 $1 Nb5 (18... Kb8 19. Qxg7 $16) 19. Qxg7 Rhg8 (19... Qxg7
20. Nxg7 Rxe1+ (20... Rd8 {Blatny,P} 21. Re5 $18) 21. Rxe1 $18) 20. Qxe7 Rxe7
21. Kf1 $1 Nd6 22. a4 $6 (22. Nc5 $16) (22. b3 $142 {Blatny,P} Rg6 23. Nc5 {
/\c4 [+]}) 22... Nc4 (22... Rg6 23. Nc5) 23. Nc5 (23. b3 Nd2+ 24. Kg1 (24. Ke2
{Blatny,P} Rd8 $1 $19) 24... Rge8) 23... Rxe1+ 24. Rxe1 Nxb2 25. Re7 h6 (25...
b6 26. Ne6 Nxa4 27. Rxc7+ Kb8 28. Rxh7 $16) (25... h5 $5) 26. a5 (26. Ne6 Kb8)
26... a6 (26... b6 $142 {Blatny,P}) 27. Re4 Nd1 (27... b6 28. axb6 cxb6 29.
Nxa6 $16) (27... Rd8 $142 {Blatny,P} 28. Rb4 (28. Ke2 $5) 28... Nd1) 28. Na4
Rd8 29. Ke2 Rd5 30. f4 $1 gxf4 (30... Kd7 31. f5 Rxa5 32. Kxd1 Rxf5 $16) 31.
Rxf4 Kb8 (31... Kd7 32. Rf1 $18) 32. g4 (32. Rf1 $2 {Blatny,P} Rxa5 $17) (32.
c4 $2 {Blatny,P} Rxa5 $17) 32... b5 33. axb6 cxb6 34. c4 $1 (34. Nxb6 Nc3+)
34... Rd6 (34... Ra5 35. Nxb6 Nc3+ 36. Kd2 $18) 35. Rf1 b5 36. Rxd1 Re6+ (36...
Rxd1 37. Kxd1 bxa4 38. h4 $18) 37. Kf3 bxa4 38. Ra1 Kc7 (38... a5 39. Rxa4 Ra6
40. Ke4 Kc7 41. Kf5 Kd7 42. h4 Ke7 43. g5 hxg5 44. hxg5 Kf7 (44... Rc6 45. Rxa5
Rxc4 46. Kg6 $18) 45. c5 Ra8 46. Ke5 $18) 39. Rxa4 Kd7 (39... Rc6 40. h4 Kd7
41. c5 Rxc5 42. Rxa6 h5 43. g5 Rc4 44. Kg3 $18) 40. c5 Rc6 41. Ra5 Rf6+ (41...
Ke6 42. Ke4 $18) 42. Ke4 Re6+ 43. Kf5 Ke7 44. h4 Kd7 45. Ra4 Rc6 46. Rd4+ Ke7
47. Re4+ Kf7 (47... Kd7 48. Re5 a5 49. g5 $18) 48. Rc4 a5 49. Ke5 Ke7 50. Kd5
Kd7 51. Rf4 Rg6 52. h5 Rg5+ 53. Kc4 a4 54. Kb5 a3 55. Ra4 (55. Ra4 a2 56. Rxa2
Rxg4 57. Ra7+ Kd8 58. Rh7 $18) 1-0

[Event "Amber-blindfold 03rd"]
[Site "Monte Carlo"]
[Date "1994.03.28"]
[Round "3"]
[White "Anand, Viswanathan"]
[Black "Karpov, Anatoly"]
[Result "0-1"]
[WhiteElo "2715"]
[BlackElo "2740"]
[PlyCount "152"]
[EventDate "1994.03.26"]
[EventType "tourn (rapid)"]
[EventRounds "11"]
[EventCountry "MNC"]
[EventCategory "16"]
[SourceTitle "CBM 040 Extra"]
[Source "ChessBase"]
[SourceDate "1994.07.01"]
[SourceVersion "1"]
[SourceVersionDate "1994.07.01"]
[SourceQuality "1"]

1. e4 c6 2. d4 d5 3. Nc3 dxe4 4. Nxe4 Nd7 5. Bc4 Ngf6 6. Ng5 e6 7. Qe2 Nb6 8.
Bb3 h6 9. N5f3 a5 10. a4 c5 11. Bf4 Bd6 12. Ne5 O-O 13. Ngf3 Qc7 14. Bg3 Nbd5
15. dxc5 Qxc5 16. O-O b6 17. Rfd1 Ba6 18. c4 Rad8 19. Nd3 Bxc4 20. Rac1 Bxd3
21. Qxd3 Nf4 22. Qf1 Qb4 23. Nd4 Be5 24. Rc4 Rxd4 25. Rxb4 Rxb4 26. Bc4 Rxa4
27. b3 Rb4 28. Qe1 Bb8 29. Bxf4 Bxf4 30. g3 Bb8 31. Qe2 b5 32. Bxb5 Rxb3 33.
Ra1 Rc8 34. Kg2 Rc5 35. Bd3 Rb4 36. Qd2 Bd6 37. Rc1 Rxc1 38. Qxc1 Bf8 39. Qc7
a4 40. Qa7 Nd5 41. Bc2 Nc3 42. Qc7 Ne4 43. Qa5 a3 44. Qxa3 Nxf2 45. Kxf2 Rf4+
46. gxf4 Bxa3 47. f5 exf5 48. Bxf5 Be7 49. Kg3 g6 50. Bc2 Bd6+ 51. Kg2 Kg7 52.
h4 h5 53. Bb3 Be7 54. Kg3 Bd8 55. Bc4 Kf6 56. Bb3 Ba5 57. Kf2 Bc3 58. Bc4 Kg7
59. Bb3 Be5 60. Bc4 Bd6 61. Bb3 f5 62. Ba4 Kf7 63. Bb5 Ke7 64. Ba4 Be5 65. Bb5
Bf6 66. Kg3 Kf7 67. Bc4+ Kg7 68. Be6 Bd8 69. Bd7 Kh6 70. Kf4 Bxh4 71. Bxf5 Bg3+
72. Ke4 gxf5+ 73. Kxf5 Bb8 74. Ke4 h4 75. Kf3 h3 76. Kf2 Bh2 0-1

[Event "PCA/Intel-GP"]
[Site "Moscow"]
[Date "1994.??.??"]
[Round "3"]
[White "Anand, Viswanathan"]
[Black "Ivanchuk, Vassily"]
[Result "1/2-1/2"]
[WhiteElo "2715"]
[BlackElo "2710"]
[PlyCount "72"]
[EventDate "1994.04.??"]
[EventType "k.o. (rapid)"]
[EventRounds "4"]
[EventCountry "RUS"]
[SourceTitle "CBM 040 Extra"]
[Source "ChessBase"]
[SourceDate "1994.07.01"]
[SourceVersion "1"]
[SourceVersionDate "1994.07.01"]
[SourceQuality "1"]

1. e4 c6 2. d4 d5 3. Nd2 dxe4 4. Nxe4 Nd7 5. Bc4 Ngf6 6. Ng5 e6 7. Qe2 Nb6 8.
Bb3 h6 9. N5f3 c5 10. Bf4 Nbd5 11. Be5 Qa5+ 12. Nd2 b5 13. c4 Nb6 14. cxb5 c4
15. Bxc4 Bb7 16. Ngf3 Nxc4 17. Qxc4 Rc8 18. Qd3 Be4 19. Qe2 Bxf3 20. Qxf3 Nd5
21. Rd1 Bb4 22. Qd3 f6 23. Bg3 O-O 24. O-O Qxa2 25. Qb3 Qxb3 26. Nxb3 Rc2 27.
Nc5 Rxb2 28. Nxe6 Rc8 29. Ra1 Be7 30. Rxa7 Rxb5 31. Nc7 Nxc7 32. Rxc7 Rxc7 33.
Bxc7 Kf7 34. Rd1 Ke6 35. d5+ Rxd5 36. Rxd5 Kxd5 1/2-1/2

[Event "Munich Intel Express blitz '5"]
[Site "Munich"]
[Date "1994.??.??"]
[Round "?"]
[White "Anand, Viswanathan"]
[Black "Gelfand, Boris"]
[Result "1/2-1/2"]
[WhiteElo "2715"]
[BlackElo "2680"]
[PlyCount "49"]
[EventDate "1994.05.??"]
[EventType "tourn (blitz)"]
[EventRounds "17"]
[EventCountry "GER"]
[SourceTitle "EXT 2000"]
[Source "ChessBase"]
[SourceDate "1999.11.16"]
[SourceVersion "1"]
[SourceVersionDate "1999.11.16"]
[SourceQuality "1"]

1. e4 c5 2. Nf3 d6 3. d4 cxd4 4. Nxd4 Nf6 5. Nc3 a6 6. Be3 e6 7. f3 b5 8. g4 h6
9. Qd2 Nbd7 10. O-O-O Bb7 11. h4 b4 12. Nce2 d5 13. Bh3 Qa5 14. g5 Qxa2 15. Nb3
hxg5 16. hxg5 Nh5 17. Bg4 g6 18. Nf4 Ne5 19. Bxh5 Nc4 20. Qd4 e5 21. Nxd5 Bxd5
22. Qxc4 Bxc4 23. Bg4 Rxh1 24. Bd7+ Kd8 25. Bb6+ 1/2-1/2

[Event "Munich Intel Express blitz '5"]
[Site "Munich"]
[Date "1994.??.??"]
[Round "?"]
[White "Anand, Viswanathan"]
[Black "Short, Nigel D"]
[Result "0-1"]
[WhiteElo "2715"]
[BlackElo "2665"]
[PlyCount "94"]
[EventDate "1994.05.??"]
[EventType "tourn (blitz)"]
[EventRounds "17"]
[EventCountry "GER"]
[SourceTitle "EXT 2000"]
[Source "ChessBase"]
[SourceDate "1999.11.16"]
[SourceVersion "1"]
[SourceVersionDate "1999.11.16"]
[SourceQuality "1"]

1. e4 e5 2. Nf3 Nc6 3. Bb5 a6 4. Ba4 Nf6 5. O-O Be7 6. Re1 b5 7. Bb3 O-O 8. d3
d6 9. Nbd2 Bb7 10. a4 Nd7 11. c3 Nc5 12. Bc2 Nxa4 13. Bxa4 bxa4 14. Qxa4 Rb8
15. Nc4 f5 16. Be3 fxe4 17. dxe4 Qe8 18. Nfd2 Kh8 19. b4 Bc8 20. Nf1 h6 21. Bd2
Bd8 22. Nce3 Ra8 23. Nd5 Bd7 24. Qd1 Ne7 25. Nxe7 Bxe7 26. Ne3 Be6 27. Nd5 Bd8
28. Qe2 Qc6 29. c4 Qb7 30. Qd3 c6 31. Ne3 Be7 32. Bc3 Rf7 33. Re2 Raf8 34. Be1
Rd8 35. Rea2 Bg5 36. Rxa6 Bxe3 37. Qxe3 Bxc4 38. Ra7 Qc8 39. Rxf7 Bxf7 40. Bc3
Qe6 41. h3 Kg8 42. Ra7 Rd7 43. Ra6 Rc7 44. Qb6 Qc8 45. Bd2 Bc4 46. Ra1 Bb5 47.
Qe3 Qe6 0-1